[Event "Paulista-ch"]
[Site "Americana"]
[Date "2005.07.02"]
[Round "4"]
[White "Freitas, Francisco"]
[Black "Leitao, Rafael Duailibe"]
[Result "0-1"]
[WhiteElo "1983"]
[BlackElo "2590"]
[PlyCount "84"]
[EventDate "2005.06.30"]
[EventType "swiss"]
[EventRounds "7"]
[EventCountry "BRA"]
[SourceTitle "EXT 2022"]
[Source "ChessBase"]
[SourceDate "2021.10.06"]
[SourceVersion "1"]
[SourceVersionDate "2021.10.06"]
[SourceQuality "1"]

1. d4 Nf6 2. c4 e6 3. Nc3 Bb4 4. e3 b6 5. Nf3 Bb7 6. Bd3 Ne4 7. Qc2 f5 8. a3 Bxc3+ 9. bxc3 0-0 10. 0-0 Qf6 11. Nd2 Nxd2 12. Bxd2 Nc6 13. f3 d6 14. Rae1 e5 15. Bc1 Ba6 16. c5 Bxd3 17. Qxd3 dxc5 18. dxc5 Rfd8 19. Qc4+ Qf7 20. Qxf7+ Kxf7 21. cxb6 cxb6 22. Rd1 Ke6 23. Kf2 Rxd1 24. Rxd1 Na5 25. Ke2 Rc8 26. Kd3 Rd8+ 27. Kc2 Rxd1 28. Kxd1 Kd5 29. Kc2 e4 30. f4 Kc4 31. a4 Nb7 32. Ba3 a5 33. Bf8 g6 34. Be7 Nc5 35. Bd8 Nxa4 36. Bf6 Nc5 37. h3 a4 38. g4 a3 39. gxf5 gxf5 40. Be7 a2 41. Kb2 Na4+ 42. Kxa2 Nxc3+ 0-1

[Event "Paulista-ch"]
[Site "Americana"]
[Date "2005.07.02"]
[Round "5"]
[White "Viana da Costa, Fernando"]
[Black "Freitas, Francisco"]
[Result "1-0"]
[WhiteElo "2127"]
[BlackElo "1983"]
[PlyCount "117"]
[EventDate "2005.06.30"]
[EventType "swiss"]
[EventRounds "7"]
[EventCountry "BRA"]
[SourceTitle "EXT 2022"]
[Source "ChessBase"]
[SourceDate "2021.10.06"]
[SourceVersion "1"]
[SourceVersionDate "2021.10.06"]
[SourceQuality "1"]

1. e4 d5 2. exd5 Qxd5 3. Nc3 Qa5 4. Bc4 Nf6 5. d4 c6 6. Nge2 Nbd7 7. 0-0 e5 8. Re1 Be7 9. Ng3 0-0 10. Bd2 Qc7 11. Nf5 Bb4 12. a3 Nb6 13. axb4 Nxc4 14. dxe5 Nxe5 15. Bf4 Rd8 16. Bxe5 Rxd1 17. Raxd1 Qb6 18. Na4 Bxf5 19. Nxb6 axb6 20. Bxf6 gxf6 21. c3 Be6 22. Rd2 Kf8 23. f4 f5 24. Kf2 Ke7 25. g4 Kf6 26. gxf5 Kxf5 27. Re5+ Kf6 28. b5 Ra4 29. Kg3 Ra2 30. bxc6 bxc6 31. Ree2 Bd5 32. Re3 b5 33. Kf2 Ra1 34. Rh3 Kg6 35. Ke3 Re1+ 36. Re2 Rxe2+ 37. Kxe2 Be6 38. Rg3+ Kf6 39. Ke3 h5 40. Rg8 h4 41. Kf3 h3 42. Kg3 Kf5 43. Kxh3 Kxf4+ 44. Kg2 Ke3 45. h4 Kd2 46. Rg3 Kc2 47. b4 f5 48. h5 f4 49. Rf3 Bd5 50. h6 Be4 51. Kf2 Bxf3 52. Kxf3 Kxc3 53. h7 Kxb4 54. h8Q c5 55. Qb2+ Kc4 56. Kxf4 b4 57. Ke3 Kb5 58. Kd3 c4+ 59. Kd4 1-0

[Event "Rio de Janeiro-ch Absoluto"]
[Site "Rio de Janeiro"]
[Date "1986.07.19"]
[Round "6"]
[White "Cabral Filho, Adilson Vaz"]
[Black "Freitas, Francisco"]
[Result "0-1"]
[WhiteElo "1811"]
[BlackElo "1996"]
[PlyCount "60"]
[EventDate "1986.07.05"]
[EventType "swiss"]
[EventRounds "7"]
[EventCountry "BRA"]
[SourceTitle "EXT 2007"]
[Source "ChessBase"]
[SourceDate "2006.11.23"]
[SourceVersion "1"]
[SourceVersionDate "2006.11.23"]
[SourceQuality "1"]

1. e4 c5 2. f4 Nc6 3. Nf3 d5 4. exd5 Qxd5 5. Nc3 Qh5 6. Be2 Qg4 7. 0-0 Qd7 8. Kh1 e6 9. Qe1 Nge7 10. Bc4 Nf5 11. Nd5 b5 12. Bxb5 Qxd5 13. c4 Qd6 14. Qe4 Bd7 15. Ne5 Rc8 16. Nxd7 Qxd7 17. g4 Nd6 18. Qg2 Nxb5 19. cxb5 Nd4 20. a4 Qd5 21. Ra3 Bd6 22. Re3 Qxg2+ 23. Kxg2 0-0 24. d3 Nb3 25. Ref3 Rfd8 26. f5 Nxc1 27. Rxc1 exf5 28. Rxf5 Be7 29. Rc3 Rd4 30. a5 Rxg4+ 0-1